<?xml version="1.0" encoding="UTF-8"?>
<collection xmlns="http://www.loc.gov/MARC21/slim">
<record>
  <controlfield tag="001">145594</controlfield>
  <controlfield tag="005">20251003124644.0</controlfield>
  <datafield tag="037" ind1=" " ind2=" ">
    <subfield code="a">NORMAS-2024-012</subfield>
  </datafield>
  <datafield tag="245" ind1=" " ind2=" ">
    <subfield code="a">Instrucción 4/2024, de la Secretaria General, sobre la certificación de las hojas de servicio y de los correspondientes méritos de docencia que genere la Universidad de Zaragoza, solicitada por el profesorado para ANECA</subfield>
  </datafield>
  <datafield tag="260" ind1=" " ind2=" ">
    <subfield code="a">Zaragoza</subfield>
    <subfield code="b">Consejo de Gobierno de la Universidad de Zaragoza</subfield>
    <subfield code="c">2024-08-19</subfield>
  </datafield>
  <datafield tag="653" ind1="1" ind2=" ">
    <subfield code="a">Otras normas</subfield>
  </datafield>
  <datafield tag="650" ind1=" " ind2=" ">
    <subfield code="a">Certificados</subfield>
  </datafield>
  <datafield tag="650" ind1=" " ind2=" ">
    <subfield code="a">ANECA</subfield>
  </datafield>
  <datafield tag="856" ind1="0" ind2=" ">
    <subfield code="f">sgaspar@unizar.es</subfield>
  </datafield>
  <datafield tag="856" ind1="4" ind2=" ">
    <subfield code="s">586591</subfield>
    <subfield code="u">http://zaguan.unizar.es/record/145594/files/Instrucci%C3%B3n%204_2024%20%20SG%20certificados%20ANECA.pdf</subfield>
    <subfield code="y">Instrucción 4_2024, Secretaria General. Certificados ANECA</subfield>
  </datafield>
  <datafield tag="856" ind1="4" ind2=" ">
    <subfield code="s">257182</subfield>
    <subfield code="u">http://zaguan.unizar.es/record/145594/files/Actualizaci%C3%B3n%20Instrucci%C3%B3n%204_2024.pdf</subfield>
    <subfield code="y">Actualización 4 de junio 2025</subfield>
  </datafield>
  <datafield tag="856" ind1="4" ind2=" ">
    <subfield code="s">521046</subfield>
    <subfield code="u">http://zaguan.unizar.es/record/145594/files/Texto%20integrado%20Instruccion%204_2024%20Certificados%20ANECA.pdf</subfield>
    <subfield code="y">Texto integrado tras modificación 16 de julio de 2025</subfield>
  </datafield>
  <datafield tag="980" ind1=" " ind2=" ">
    <subfield code="a">NORMAS</subfield>
  </datafield>
</record>
</collection>